NBA Legends #1 - Statistics

General Stats
  • This quiz has been taken 98 times
  • The average score is 12 of 12
Answer Stats
Picture Answer % Correct
Kobe Bryant
99%
Larry Bird
99%
Lebron James
99%
Michael Jordan
99%
Shaquille O'Neal
99%
Allen Iverson
97%
Kareem Abdul-Jabbar
97%
Tim Duncan
97%
Wilt Chamberlain
96%
Bill Russell
92%
Karl Malone
92%
Jerry West
88%
No matching quizzes found
Score Distribution
Percent of People with Each Score
Percentile by Number Answered
Your Score History
You have not taken this quiz